Using randomized control designs in evaluating social sector programs in developing countries /
שמור ב:
| מחבר ראשי: | |
|---|---|
| מחברים אחרים: | , |
| פורמט: | Texto |
| תגים: |
הוספת תג
אין תגיות, היה/י הראשונ/ה לתייג את הרשומה!
|
MARC
| LEADER | 00000 a a2200000 04500 | ||
|---|---|---|---|
| 001 | 47033 | ||
| 003 | |||
| 040 | |||
| 100 | |a Newman, John | ||
| 245 | |a Using randomized control designs in evaluating social sector programs in developing countries / |c John Newman, Laura Rawlings, Paul Gertler | ||
| 590 | |a DISEMINAR012015 | ||
| 700 | |a Rawlings, Laura | ||
| 700 | |a Gertler, Paul | ||
| 773 | |g volumen9, número2, (1994), páginas 181-201 : tablas | ||
| 999 | |c 25031 |d 25031 | ||
